| 000 | 02282cam a22005174i 4500 | ||
|---|---|---|---|
| 003 | PE-LiUPU | ||
| 005 | 20250731173316.0 | ||
| 008 | 150625s r 000 0 d | ||
| 020 | _a1876010908 | ||
| 035 | _a(Sirsi) i9781876010904 | ||
| 040 |
_aPE-LiUPU _bspa _cPE-LiUPU _erda |
||
| 049 | _aPRUA | ||
| 082 | 0 | 4 |
_a239 _bK41 _221 |
| 100 | 1 |
_aKent, Grenville, _eautor. |
|
| 245 | 1 | 4 |
_aThe Da Vinci Decode : _bis Cristianity "the createst cover -up in human history"? / _cGrenville Kient y Philip Rodionoff. |
| 264 | 1 |
_aVictoria, Australia : _bSigns Publishing Company, _c2006. |
|
| 300 |
_a119 páginas : _bilustraciones ; _c23 centímetros |
||
| 336 |
_atext _2rdacontent |
||
| 337 |
_aunmediated _2rdamedia |
||
| 338 |
_avolume _2rdacarrier |
||
| 504 | _aIncluye refeencias bibliográticas. | ||
| 505 | 0 | _aThe cover-up. -Jesús:Mortal propher or Son of God?. -Newto's big apple: future prophecy. -The Da Vinci Code and the Bible. -Sex and sexism. -The gospel of Mary. -Right or wrong? Let's make a bet. -A Daniel 9: Digging deeper. -Mary Magdalene: Who was she?. | |
| 526 | _aSEG42 | ||
| 526 | _aSEG41 | ||
| 526 | _aSEG40 | ||
| 526 | _aSEG39 | ||
| 526 | _aP94 | ||
| 526 | _aP87 | ||
| 526 | _aP86 | ||
| 526 | _aP85 | ||
| 526 | _aP77 | ||
| 526 | _aP76 | ||
| 526 | _aP35 | ||
| 541 | _g001-0000145; | ||
| 541 | _g001-0000145; | ||
| 600 | 1 |
_aLeonard, de Vinci. _d1452-1519 _xCrítica, interpretación, etc. |
|
| 650 | 0 | 4 |
_aCristianismo _xApologética. |
| 700 | 1 |
_aRodionoff, Philip, _eautor. |
|
| 942 |
_2ddc _cBOOK |
||
| 949 |
_a239 K41 _wDEWEY _c1 _i56521 _lCCODEBUL1 _mBUL _p11.00 _r0 _sY _tBOOK _u2015-6-25 _xTEOLOGIA _zUNKNOWN _0COMPRA _o.STAFF. Colección General |
||
| 949 |
_a239 K41 _wDEWEY _c2 _i56520 _lCCODEBUL1 _mBUL _p11.00 _r0 _sY _tBOOK _u2015-6-25 _xTEOLOGIA _zUNKNOWN _0COMPRA _o.STAFF. Colección General |
||
| 994 |
_aC0 _bPEPRU |
||
| 596 | _a1 | ||
| 999 |
_a239 K41 _wDEWEY _c45730 _i56521 _f2021-11-10 _g5 _lCCODEBUL1 _mBUL _p11.00 _r0 _sY _tBOOK _u2015-6-25 _xTEOLOGIA _zUNKNOWN _0COMPRA _o.STAFF. Colección General _d45730 |
||
| 999 |
_a239 K41 _wDEWEY _c2 _i56520 _f2021-11-10 _g5 _lCCODEBUL1 _mBUL _p11.00 _r0 _sY _tBOOK _u2015-6-25 _xTEOLOGIA _zUNKNOWN _0COMPRA _o.STAFF. Colección General |
||
| 980 |
_81 _gALBERTO SANCHEZ Responsable de Automatización |
||